000 00605naa a2200205 4500
001 2162214035924922
003 UA-OsUOA
005 20240424162526.0
008 240424b un ||||| |||| 00| 0 ukr d
040 _aUA-OsUOA
_bukr
_cUA-OsUOA
_dUA-OsUOA
041 _aukr
080 _a908
090 _a908
100 _aДобровольська О.
_92635
245 _aМісто мого дитинства
_cОльга Добровольська
300 _aС. 9–11
650 _2UDC
773 0 _0343788
_9371675
_dОстрог 1994
_tСпадщина
_w(UA-OsUOA) 57701
942 _2udc
_cBKA
999 _c576317
_d576317